Estudio del potencial de colapso de limos de baja plasticidad
Đã lưu trong:
| Tác giả chính: | |
|---|---|
| Tác giả khác: | |
| Định dạng: | Sách |
| Được phát hành: |
San José, Costa Rica
1992
|
| Những chủ đề: | |
| Các nhãn: |
Thêm thẻ
Không có thẻ, Là người đầu tiên thẻ bản ghi này!
|
MARC
| LEADER | 00000nam a2200000Ia 4500 | ||
|---|---|---|---|
| 003 | 010141 | ||
| 005 | 20240821132358.0 | ||
| 008 | 140114s1992 cr a m 000 ||s d | ||
| 040 | |c cru CEDI | ||
| 090 | |a TFG 2552 | ||
| 100 | |a Chaves Rivera, Javier Enrique, 1965- |9 3569 | ||
| 245 | |a Estudio del potencial de colapso de limos de baja plasticidad | ||
| 260 | |a San José, Costa Rica |c 1992 | ||
| 300 | |a 97 hojas : ilustraciones ; 28 cm. | ||
| 500 | |a Proyecto de graduación (licenciatura en ingeniería civil)--Universidad de Costa Rica. Facultad de Ingeniería. Escuela de Ingeniería Civil | ||
| 501 | |a Director de Proyecto de Graduación: Ing. Sergio Sáenz Aguilar, M.Sc. | ||
| 650 | |x MECANICA DE SUELOS |9 12508 | ||
| 700 | |a Sáenz Aguilar, Sergio Antonio, 1957- |d Director del TFG |9 1448 | ||
| 942 | |c TFG |h TFG 2552 |i 010141 |6 TFG_2552_010141000000000 | ||
| 999 | |c 20132 |d 20132 | ||
